Commodity trade and finance
Saved in:
| Main Author: | |
|---|---|
| Format: | Book |
| Language: | English |
| Published: |
Abingdon
Informa law from Routledge
2015
|
| Edition: | 2nd ed. |
| Series: | <The> grammenos library
|
| Subjects: | |
| Tags: |
No Tags, Be the first to tag this record!
|
MARC
| LEADER | 00000nam a2200000 4500 | ||
|---|---|---|---|
| 001 | 0205659 | ||
| 005 | 20231215114627.0 | ||
| 020 | |a 978-0-415-73245-1 | ||
| 041 | 0 | |a eng | |
| 044 | |a GB | ||
| 245 | 1 | 0 | |a Commodity trade and finance |c Michael Tamvakis |
| 250 | |a 2nd ed. | ||
| 264 | 1 | |a Abingdon |b Informa law from Routledge |c 2015 | |
| 300 | |a 506 s. | ||
| 490 | 1 | |a <The> grammenos library | |
| 830 | 0 | |a <The> grammenos library | |
| 610 | 2 | 0 | |a komodity |
| 610 | 2 | 0 | |a obchod medzinárodný |
| 610 | 2 | 0 | |a ceny |
| 610 | 2 | 0 | |a výrobky poľnohospodárske |
| 610 | 2 | 0 | |a ropa |
| 610 | 2 | 0 | |a plyn |
| 610 | 2 | 0 | |a elektrina |
| 610 | 2 | 0 | |a energia |
| 610 | 2 | 0 | |a kovy |
| 610 | 2 | 0 | |a riadenie rizík |
| 100 | 1 | |a Tamvakis, Michael | |